Chanteuses francophones en images - Statistiques

Statistiques générales
  • Ce quiz a été pris 652 fois
  • Le résultat moyen est 14 sur 20
Statistiques - réponses
Par images Réponse % Correct
Louane
98%
Aya Nakamura
94%
Amel Bent
93%
Clara Luciani
89%
Zazie
88%
Édith Piaf
81%
Lara Fabian
81%
Hoshi
78%
Vanessa Paradis
77%
Mylène Farmer
75%
France Gall
73%
Shy'm
71%
Yseult
68%
Nolwenn Leroy
67%
Héléna
64%
Mentissa
56%
Alizée
48%
Zaho
46%
Barbara Pravi
41%
Styleto
32%
Aucun quiz correspondant
Distribution des résultats
% des personnes avec chaque résultat
Percentile par nombre de réponses
Votre historique - résultats
Vous n’avez pas pris ce quiz